[Event "Wroclaw Anderssen Memorial op"]
[Site "Wroclaw"]
[Date "2024.08.15"]
[Round "9"]
[White "Golenia, Jan"]
[Black "Klimek, Leonard"]
[Result "1-0"]
[WhiteElo "2188"]
[BlackElo "1859"]
[PlyCount "61"]
[EventDate "2024.08.15"]
[EventType "swiss (blitz)"]
[EventRounds "9"]
[EventCountry "POL"]
[SourceTitle "CBM 221 Extra"]
[Source "ChessBase"]
[SourceDate "2024.09.30"]
[SourceVersion "1"]
[SourceVersionDate "2024.09.30"]
[SourceQuality "1"]

1. d4 d5 2. c4 e6 3. Nf3 Nf6 4. g3 Be7 5. Bg2 0-0 6. 0-0 a5 7. Qc2 c6 8. Rd1 Nbd7 9. b3 b6 10. Nc3 Ba6 11. Nd2 b5 12. e4 bxc4 13. bxc4 dxc4 14. Na4 Nb6 15. Nxb6 Qxb6 16. Nxc4 Qb5 17. Ne5 Rac8 18. Rb1 Qe2 19. Qxe2 Bxe2 20. Rd2 Bb5 21. Rc2 Bd6 22. Nc4 Be7 23. Bd2 a4 24. f3 Rfd8 25. Be3 h6 26. Bf1 Nd7 27. Rbc1 Rb8 28. Bf4 Ra8 29. Bd6 Kf8 30. e5 Bxc4 31. Bxe7+ 1-0

[Event "Wroclaw op-B"]
[Site "Wroclaw"]
[Date "2024.08.10"]
[Round "4"]
[White "Bartoszewicz, Marcin"]
[Black "Klimek, Leonard"]
[Result "1/2-1/2"]
[WhiteElo "1885"]
[BlackElo "1859"]
[PlyCount "62"]
[EventDate "2024.08.08"]
[EventType "swiss"]
[EventRounds "9"]
[EventCountry "POL"]
[SourceTitle "EXT 2025"]
[Source "ChessBase"]
[SourceDate "2024.10.14"]
[SourceVersion "1"]
[SourceVersionDate "2024.10.14"]
[SourceQuality "1"]

1. e4 c6 2. d4 d5 3. exd5 cxd5 4. c4 Nf6 5. Nc3 Nc6 6. Nf3 Bg4 7. cxd5 Nxd5 8. Qb3 Bxf3 9. gxf3 e6 10. Qxb7 Nxd4 11. Bb5+ Nxb5 12. Qc6+ Ke7 13. Qxb5 Qd7 14. Nxd5+ Qxd5 15. Qxd5 exd5 16. Be3 Ke6 17. 0-0 Bb4 18. Rac1 Rhd8 19. Rfd1 Rd7 20. Rc6+ Kf5 21. Rd4 a5 22. Rh4 f6 23. a3 Bd6 24. Ra4 Be5 25. b4 d4 26. Bd2 d3 27. bxa5 g5 28. a6 Bf4 29. Bxf4 gxf4 30. Ra5+ Kg6 31. Rc1 d2 1/2-1/2

[Event "Wroclaw op-B"]
[Site "Wroclaw"]
[Date "2024.08.09"]
[Round "2"]
[White "Klimek, Leonard"]
[Black "Bes, Michal"]
[Result "1/2-1/2"]
[WhiteElo "1859"]
[BlackElo "2031"]
[PlyCount "63"]
[EventDate "2024.08.08"]
[EventType "swiss"]
[EventRounds "9"]
[EventCountry "POL"]
[SourceTitle "EXT 2025"]
[Source "ChessBase"]
[SourceDate "2024.10.14"]
[SourceVersion "1"]
[SourceVersionDate "2024.10.14"]
[SourceQuality "1"]

1. c4 e5 2. d3 c5 3. Nc3 Nc6 4. g3 g6 5. Bg2 Bg7 6. e4 Nge7 7. Nge2 d6 8. Bg5 h6 9. Be3 0-0 10. Qd2 Kh7 11. 0-0 Rb8 12. f4 a6 13. a4 f5 14. Nd5 Nxd5 15. cxd5 Nd4 16. Bxd4 exd4 17. b4 fxe4 18. Bxe4 Bf5 19. bxc5 dxc5 20. Rac1 Qe7 21. Rfe1 Bxe4 22. dxe4 Qxe4 23. Rxc5 d3 24. Rc7 dxe2 25. Qb2 Rg8 26. Rxe2 Qf5 27. Ree7 Qf8 28. Rf7 Kh8 29. Qf6 Qb4 30. Rxg7 Qe1+ 31. Kg2 Qe2+ 32. Kg1 1/2-1/2

[Event "Wroclaw Anderssen Memorial op-B"]
[Site "Wroclaw"]
[Date "2023.??.??"]
[Round "8"]
[White "Zinchenko, Anatoly"]
[Black "Klimek, Leonard"]
[Result "1-0"]
[WhiteElo "1901"]
[BlackElo "1655"]
[PlyCount "32"]
[EventDate "2023.08.06"]
[EventType "swiss"]
[EventRounds "9"]
[EventCountry "POL"]
[SourceTitle "EXT 2024"]
[Source "ChessBase"]
[SourceDate "2023.10.10"]
[SourceVersion "1"]
[SourceVersionDate "2023.10.10"]
[SourceQuality "1"]

1. e4 c6 2. d4 d5 3. Nc3 dxe4 4. Nxe4 Bf5 5. Nc5 b6 6. Nb3 Nf6 7. Nf3 e6 8. Bd3 Bg4 9. h3 Bh5 10. Bg5 Be7 11. g4 Bg6 12. Qe2 Nd5 13. Bxg6 Bxg5 14. Qxe6+ Qe7 15. Bxf7+ Kf8 16. Nxg5 Qe8 1-0